000
00345 a2200169 4500
001
186605
020
_a
85-349-0436-7
040
_c
Magnum
100
_a
Jose, Elias
240
1
0
_a
Um pouco de tudo
_l
por
245
1
0
_a
Um pouco de tudo
300
_a
20
362
0
_a
1982
440
1
_a
Paulus
697
_a
LITERATURA INFANTO
942
_c
BK
999
_c
186605
_d
186605